Real or Fake flag maps - Statistics

General Stats
  • This quiz has been taken 16 times
  • The average score is 4 of 10
Answer Stats
Question Answer % Correct
Countries
73%
Asia
53%
Red
47%
Japanese Prefectures
47%
States
40%
Europe
40%
Island
40%
Republic
40%
Red
33%
Landlocked
27%
No matching quizzes found
Score Distribution
Percent of People with Each Score
Percentile by Number Answered
Your Score History
You have not taken this quiz